[Event "Titled Tue 20th May Late"]
[Site "chess.com INT"]
[Date "2025.05.20"]
[Round "6"]
[White "Kushko, Dmitriy"]
[Black "Petre, Nad-Titus"]
[Result "1-0"]
[WhiteTitle "IM"]
[BlackTitle "IM"]
[WhiteElo "2454"]
[BlackElo "2299"]
[WhiteFideId "14162261"]
[BlackFideId "1204165"]
[EventDate "2025.05.20"]

1. g3 d5 2. Bg2 c6 3. d3 e5 4. Nf3 Bd6 5. Nc3 Nf6 6. e4 d4 7. Ne2 c5 8. Nd2 Bc7
9. f4 Ng4 10. Nf3 Nc6 11. f5 Rb8 12. h3 Nf6 13. g4 h6 14. Ng3 Ba5+ 15. Kf2 b5
16. a4 a6 17. Nh2 Qd6 18. h4 Bd8 19. axb5 axb5 20. g5 hxg5 21. hxg5 Nd7 22. Ng4
Qf8 23. Bd2 Bb6 24. Rxh8 Qxh8 25. Qf3 Kd8 26. f6 Kc7 27. Rh1 Qg8 28. fxg7 Qxg7
29. Nf5 Qf8 30. Rh7 Nd8 31. Nfh6 c4 32. g6 c3 33. bxc3 dxc3+ 34. Be3 Bxe3+ 35.
Nxe3 Qe7 36. g7 Nf6 37. Nd5+ Nxd5 38. exd5 Qc5+ 39. Qe3 1-0

[Event "Titled Tue 20th May Late"]
[Site "chess.com INT"]
[Date "2025.05.20"]
[Round "6"]
[White "Przybylski, Bartosz"]
[Black "Liu, Jason"]
[Result "1/2-1/2"]
[WhiteTitle "CM"]
[WhiteElo "2107"]
[BlackElo "2064"]
[WhiteFideId "21878323"]
[BlackFideId "2514656"]
[EventDate "2025.05.20"]

1. e4 e6 2. d4 b6 3. Bd3 Bb7 4. Qe2 d5 5. exd5 Bxd5 6. Nf3 Nf6 7. O-O Be7 8. c4
Bb7 9. Nc3 O-O 10. Bf4 Nbd7 11. Rad1 Qc8 12. h3 Re8 13. Ne5 c5 14. Nxd7 Qxd7 15.
dxc5 Qc6 16. f3 Bxc5+ 17. Kh1 Rad8 18. Ne4 Nh5 19. Bh2 Bd4 20. Ng5 h6 21. Ne4 e5
22. Bb1 Ba6 23. b3 Bc8 24. Nf2 f5 25. Qc2 Qg6 26. g4 Nf6 27. gxf5 Qh5 28. Ng4
Qxh3 29. Qg2 Qxg2+ 30. Kxg2 Nxg4 31. fxg4 Bb7+ 32. Kh3 e4 33. Rfe1 e3 34. Bg1
Kf7 35. Bd3 Bf3 36. Be2 Be4 37. Kg3 Be5+ 38. Kh3 Bd4 39. Kh2 Be5+ 40. Kh3 Bd4 1/2-1/2

[Event "Titled Tue 20th May Late"]
[Site "chess.com INT"]
[Date "2025.05.20"]
[Round "6"]
[White "Thake, Conrad"]
[Black "Terron Elena, Francisco M."]
[Result "1-0"]
[WhiteTitle "CM"]
[BlackTitle "FM"]
[WhiteElo "1873"]
[BlackElo "2148"]
[WhiteFideId "5602947"]
[BlackFideId "2210576"]
[EventDate "2025.05.20"]

1. e4 e5 2. Nf3 Nc6 3. Nc3 Nf6 4. d4 exd4 5. Nxd4 Bb4 6. Nxc6 bxc6 7. Bd3 d6 8.
Bd2 Bc5 9. O-O Ng4 10. h3 h5 11. Na4 Bd4 12. c3 Bb6 13. Nxb6 axb6 14. Qf3 Ne5
15. Qe2 Be6 16. b3 Qh4 17. f4 Nxd3 18. Qxd3 d5 19. e5 g6 20. Be1 Qe7 21. Bf2 O-O
22. Qg3 Bf5 23. a4 c5 24. Rfe1 Rfd8 25. Ra2 d4 26. cxd4 cxd4 27. Rd2 c5 28. Qf3
Qe6 29. Kh2 Ra7 30. Bh4 Rd5 31. Bf6 Rdd7 32. Qg3 Kh7 33. Qg5 Qxb3 34. g4 Qc3 35.
Red1 Qe3 36. Rg2 Kg8 37. Rdg1 Kf8 38. gxf5 d3 39. fxg6 fxg6 40. Qxg6 Qxf4+ 41.
Kh1 1-0

[Event "Titled Tue 20th May Late"]
[Site "chess.com INT"]
[Date "2025.05.20"]
[Round "6"]
[White "Shuvalov, Evgenij"]
[Black "Baskakov, Egor"]
[Result "0-1"]
[BlackTitle "CM"]
[WhiteElo "1986"]
[BlackElo "2215"]
[WhiteFideId "4187237"]
[BlackFideId "24197866"]
[EventDate "2025.05.20"]

1. d4 Nf6 2. c4 e6 3. Nf3 Be7 4. Nc3 d5 5. Bf4 O-O 6. e3 Ne4 7. Bd3 f5 8. O-O c6
9. Ne2 Bd7 10. Ne5 Be8 11. f3 Nf6 12. Qb3 Qb6 13. Qxb6 axb6 14. cxd5 cxd5 15.
Rfc1 Nc6 16. Bg3 Nxe5 17. Bxe5 Bc6 18. Nf4 Kf7 19. a3 Nd7 20. Ne2 Nxe5 21. dxe5
Rfc8 22. Nd4 Bd7 23. f4 Rc5 24. Nb3 Rcc8 25. Kf2 g5 26. g3 g4 27. h3 h5 28. hxg4
hxg4 29. Rh1 Rh8 30. Kg2 Bc5 31. Nd4 Kg7 32. b4 Rxh1 33. Kxh1 Bxd4 34. exd4 Rc8
35. Kg2 Rc3 36. Be2 Ba4 37. Kf2 Bb3 38. a4 Bc4 39. Bd1 Rd3 40. a5 b5 41. Ke1
Rxg3 42. a6 bxa6 43. Rxa6 Rg1+ 44. Kd2 g3 45. Rxe6 Rxd1+ 46. Kxd1 g2 47. Re7+
Kf8 48. Re6 g1=Q+ 0-1

[Event "Titled Tue 20th May Late"]
[Site "chess.com INT"]
[Date "2025.05.20"]
[Round "6"]
[White "Garcia Correa, Jose Ricardo"]
[Black "Garbuz, Vitaliy"]
[Result "0-1"]
[WhiteTitle "FM"]
[BlackTitle "CM"]
[WhiteElo "2103"]
[BlackElo "2224"]
[WhiteFideId "5101832"]
[BlackFideId "12990710"]
[EventDate "2025.05.20"]

1. e4 c5 2. Nf3 Nc6 3. d4 cxd4 4. Nxd4 g6 5. Nxc6 bxc6 6. Qd4 Nf6 7. e5 Nd5 8.
e6 Nf6 9. exf7+ Kxf7 10. Bc4+ d5 11. Bb3 e5 12. Qh4 Be7 13. O-O h6 14. Qa4 c5
15. c4 d4 16. Re1 e4 17. Nd2 Bf5 18. Bc2 d3 19. Bd1 Bd6 20. b4 Rb8 21. bxc5 Be5
22. Qxa7+ Qd7 23. Qxd7+ Nxd7 24. Rb1 Nxc5 25. Ba3 Bc3 26. Bxc5 Bxd2 27. Bb3 Bxe1
28. Rxe1 Rhd8 29. Be3 Be6 30. Bd2 Rd4 31. Bc3 d2 32. Rd1 Rd3 33. Be5 Rbxb3 34.
axb3 Bg4 35. f3 exf3 36. gxf3 Bxf3 37. Rxd2 Rxd2 38. c5 Ke6 39. Bf4 Rb2 40. Bxh6
Rxb3 41. Kf2 Bd5 42. Be3 Rc3 43. h4 Kf5 44. Ke2 Ke4 45. Bf2 Rc2+ 46. Ke1 Kf3 47.
Bd4 Ke4 48. Bf2 Kd3 49. Kf1 Rc1+ 50. Be1 Ke3 51. c6 Bxc6 52. h5 gxh5 53. Kg1
Rxe1+ 54. Kh2 Kf3 0-1

[Event "Titled Tue 20th May Late"]
[Site "chess.com INT"]
[Date "2025.05.20"]
[Round "6"]
[White "Yevchenko, Oleksandr"]
[Black "Perez Rojas, Jorge"]
[Result "0-1"]
[WhiteTitle "CM"]
[BlackTitle "FM"]
[WhiteElo "2276"]
[BlackElo "2100"]
[WhiteFideId "14108267"]
[BlackFideId "3452093"]
[EventDate "2025.05.20"]

1. c4 e6 2. e4 d5 3. exd5 exd5 4. cxd5 Qxd5 5. Nc3 Qd8 6. Nf3 Nf6 7. d4 Bg4 8.
Be2 Nc6 9. O-O Bd6 10. d5 Ne7 11. Bg5 O-O 12. Bxf6 gxf6 13. h3 Bh5 14. Nd4 Bg6
15. Qb3 Qc8 16. Rad1 a6 17. Rfe1 Re8 18. Bf3 Be5 19. d6 cxd6 20. Bxb7 Qc5 21.
Na4 Qa7 22. Nc6 Nxc6 23. Bxc6 Rab8 24. Qf3 Red8 25. b3 Rb4 26. Bd5 Rf4 27. Qe2
Bd4 28. Rf1 Kf8 29. Bf3 Re8 30. Qd2 Be5 31. Bc6 Rc8 32. Rc1 Kg7 33. Qe2 Rf5 34.
Be4 Rg5 35. Bxg6 Rxc1 36. Rxc1 hxg6 37. Qf3 Qd4 38. Rd1 Qb4 39. Qe2 Rf5 40. Qg4
Qa3 41. Re1 Qxa2 42. Re3 Qxf2+ 43. Kh1 Qxe3 0-1

[Event "Titled Tue 20th May Late"]
[Site "chess.com INT"]
[Date "2025.05.20"]
[Round "6"]
[White "Jedryczka, Krystian"]
[Black "Sampaoli, Cristian"]
[Result "1-0"]
[BlackTitle "CM"]
[WhiteElo "2084"]
[BlackElo "2211"]
[WhiteFideId "1109472"]
[BlackFideId "115800"]
[EventDate "2025.05.20"]

1. e4 c5 2. Nf3 e6 3. b3 d5 4. exd5 exd5 5. Bb2 Nf6 6. d4 Be7 7. Be2 O-O 8. h3
Nc6 9. O-O Bf5 10. a3 Rc8 11. Bd3 Be4 12. dxc5 Bxc5 13. Nbd2 Re8 14. b4 Bb6 15.
Ng5 Bxd3 16. cxd3 Qd6 17. Ngf3 Qf4 18. Re1 Rxe1+ 19. Qxe1 Re8 20. Qf1 h6 21. Re1
Rc8 22. Kh1 Nd4 23. g3 Qf5 24. Bxd4 Rc2 25. Bxb6 axb6 26. Qe2 Qxh3+ 27. Kg1 Rc8
28. Qe5 Qd7 29. Qf4 Qb5 30. Ne5 Qa4 31. Ndf3 Qxa3 32. Nh4 Qc3 33. Re2 Qa1+ 34.
Kg2 Rc1 35. Nf5 Rg1+ 36. Kf3 Qd1 37. Nxh6+ Kh7 38. Qf5+ g6 39. Qxf6 Re1 40.
Qxf7+ Kxh6 41. Ng4+ Kg5 42. Qf6+ Kh5 43. Qh4# 1-0

[Event "Titled Tue 20th May Late"]
[Site "chess.com INT"]
[Date "2025.05.20"]
[Round "6"]
[White "Sieciechowicz, Marcin"]
[Black "Ersoz, Teoman Guney"]
[Result "0-1"]
[WhiteTitle "IM"]
[BlackTitle "CM"]
[WhiteElo "2410"]
[BlackElo "2090"]
[WhiteFideId "1130170"]
[BlackFideId "44537050"]
[EventDate "2025.05.20"]

1. d4 Nf6 2. Nc3 d5 3. Bg5 Nbd7 4. Qd3 h6 5. Bh4 e6 6. O-O-O Be7 7. f3 c5 8. e4
cxd4 9. Qxd4 e5 10. Qa4 d4 11. Bxf6 Bxf6 12. Nd5 O-O 13. f4 Nc5 14. Qa3 Nxe4 15.
Nxf6+ Qxf6 16. fxe5 Qg5+ 17. Kb1 Nf2 18. Nf3 Qe3 19. Bd3 Nxh1 20. Rxh1 Be6 21.
Re1 Qf2 22. Qe7 Bd5 23. Rf1 Qxg2 24. Nxd4 Qg5 25. Qb4 Qxe5 26. Nf5 Be6 27. Re1
Qf6 28. Ng3 Rfe8 29. Rf1 Qg5 30. Ne4 Qe5 31. Rg1 Bf5 32. Nd6 Bxd3 33. Nxe8 Bxc2+
34. Kxc2 Rxe8 35. Rg4 Qe2+ 36. Kb3 Qd3+ 37. Ka4 Re6 38. Qc4 b5+ 39. Qxb5 Ra6+
40. Kb4 Rb6 0-1

[Event "Titled Tue 20th May Late"]
[Site "chess.com INT"]
[Date "2025.05.20"]
[Round "6"]
[White "Deac, Bogdan-Daniel"]
[Black "Saidov, Bilukhadzh"]
[Result "1-0"]
[WhiteTitle "GM"]
[BlackTitle "FM"]
[WhiteElo "2668"]
[BlackElo "2309"]
[WhiteFideId "1226380"]
[BlackFideId "34165476"]
[EventDate "2025.05.20"]

1. d4 d5 2. Nf3 Nf6 3. c4 e6 4. g3 a6 5. Bg2 dxc4 6. O-O b5 7. Ne5 Nd5 8. a4 Bb7
9. e4 Nf6 10. axb5 axb5 11. Rxa8 Bxa8 12. Nc3 c6 13. d5 Bd6 14. Bf4 Bxe5 15.
Bxe5 O-O 16. dxe6 fxe6 17. Bh3 Re8 18. Bxe6+ Kh8 19. Qxd8 Rxd8 20. Ra1 Nbd7 21.
Bc7 Re8 22. e5 Rxe6 23. exf6 Re8 24. f7 Rc8 25. Bd6 c5 26. Re1 Nf6 27. f8=Q+
Rxf8 28. Bxf8 b4 29. Nd1 Ne4 30. f3 Ng5 31. Re8 Nxf3+ 32. Kf2 h6 33. Rxa8 Kh7
34. Kxf3 c3 35. bxc3 b3 36. Nb2 c4 37. Bc5 g5 38. Bd4 Kg6 39. Ke3 Kf5 40. h3 h5
41. Ra5+ Ke6 42. g4 h4 43. Rxg5 Kd7 44. Rf5 1-0

[Event "Titled Tue 20th May Late"]
[Site "chess.com INT"]
[Date "2025.05.20"]
[Round "6"]
[White "Brozynski, Patryk"]
[Black "Liu, Casper"]
[Result "1-0"]
[BlackTitle "FM"]
[WhiteElo "2219"]
[BlackElo "2325"]
[WhiteFideId "2512700"]
[BlackFideId "1454153"]
[EventDate "2025.05.20"]

1. Nf3 d6 2. d4 g6 3. e3 Bg7 4. Be2 Nf6 5. O-O O-O 6. b3 b6 7. Bb2 Bb7 8. Nbd2
c5 9. c4 cxd4 10. Nxd4 d5 11. Rc1 Nbd7 12. cxd5 Nxd5 13. Bf3 Nc5 14. Ne4 Nxe4
15. Bxe4 Qd7 16. Qe2 Nc3 17. Bxc3 Bxe4 18. Rfd1 Rfd8 19. f3 Bb7 20. Nc2 Qf5 21.
Bxg7 Kxg7 22. Nd4 Qe5 23. g3 Rac8 24. Kf2 h5 25. Rxc8 Rxc8 26. Rd2 h4 27. Rc2
hxg3+ 28. hxg3 Qh5 29. Rxc8 Qh2+ 30. Kf1 Qh1+ 31. Kf2 Bxc8 32. Qf1 Qh5 33. Ne2
Bh3 34. Qa1+ f6 35. Nf4 Qh6 36. Qh1 Bf5 37. Qxh6+ Kxh6 38. e4 Bd7 39. Nd5 f5 40.
exf5 gxf5 41. Nxe7 Kg5 42. Nd5 Bc6 43. Nf4 Kf6 44. Ke3 Ke5 45. Nd3+ Kd5 46. Nb4+
Kc5 47. Nxc6 Kxc6 48. Kd4 Kd6 49. a3 a5 50. a4 Ke6 51. g4 fxg4 52. fxg4 Kd6 53.
Kc4 Ke6 54. Kb5 Ke5 55. Kxb6 Kf4 56. Kxa5 Kg5 57. Kb6 Kh4 58. a5 Kg5 59. a6 Kh4
60. a7 Kxg4 61. Kb7 1-0

[Event "Titled Tue 20th May Late"]
[Site "chess.com INT"]
[Date "2025.05.20"]
[Round "6"]
[White "Holinka, Henning"]
[Black "Cramling Bellon, Anna"]
[Result "1-0"]
[WhiteTitle "FM"]
[BlackTitle "WFM"]
[WhiteElo "2303"]
[BlackElo "2046"]
[WhiteFideId "12967084"]
[BlackFideId "32009232"]
[EventDate "2025.05.20"]

1. e4 c5 2. f4 g6 3. Nf3 Bg7 4. c3 e6 5. d4 cxd4 6. cxd4 d5 7. e5 Ne7 8. Be3 O-O
9. Nc3 Nf5 10. Bf2 Nc6 11. Be2 f6 12. O-O fxe5 13. fxe5 Bh6 14. Re1 Ne3 15. Qb3
Na5 16. Qa4 Ng4 17. Nd1 Nxf2 18. Nxf2 a6 19. Ng4 Bg7 20. Rac1 b5 21. Qb4 Bd7 22.
b3 h5 23. Nf2 Be8 24. Qd2 Nc6 25. Nd3 Ne7 26. Qg5 Nf5 27. Qxd8 Rxd8 28. Rc7 Bh6
29. Kh1 Rf7 30. Rxf7 Bxf7 31. Nc5 Ra8 32. Bd3 Kg7 33. h3 Bg8 34. g4 hxg4 35.
hxg4 Ne7 36. Kg2 Bf4 37. a4 g5 38. Ra1 b4 39. a5 Nc6 40. Nxa6 Ra7 41. Ra4 Rb7
42. Nc5 1-0

[Event "Titled Tue 20th May Late"]
[Site "chess.com INT"]
[Date "2025.05.20"]
[Round "6"]
[White "Xiong, Jeffery"]
[Black "Szpar, Milosz"]
[Result "0-1"]
[WhiteTitle "GM"]
[BlackTitle "IM"]
[WhiteElo "2636"]
[BlackElo "2475"]
[WhiteFideId "2047640"]
[BlackFideId "1184989"]
[EventDate "2025.05.20"]

1. d4 Nf6 2. c4 c5 3. d5 e6 4. Nc3 exd5 5. cxd5 d6 6. Nf3 g6 7. Nd2 Bg7 8. e4
O-O 9. Be2 Re8 10. O-O Nbd7 11. Re1 Ne5 12. h3 g5 13. Nf1 h6 14. a4 b6 15. Ng3
g4 16. Bb5 Rf8 17. Bf1 a6 18. Ra3 Rb8 19. Nf5 Bxf5 20. exf5 Qd7 21. Ne4 Nxe4 22.
Rxe4 Qxf5 23. Rf4 Qg6 24. hxg4 b5 25. axb5 axb5 26. Rg3 c4 27. Be3 Rfc8 28. Rf5
b4 29. Bd4 Rb5 30. Bxe5 Bxe5 31. Rgf3 Rb7 32. Qc1 c3 33. b3 c2 34. Bc4 Rxc4 35.
bxc4 b3 36. Rxb3 Rxb3 37. Qxc2 Ra3 38. g3 Qxg4 39. c5 Qh3 40. Qb1 Ra1 41. Qxa1
Bxa1 42. Rf4 0-1

[Event "Titled Tue 20th May Late"]
[Site "chess.com INT"]
[Date "2025.05.20"]
[Round "6"]
[White "Petriashvili, Nikoloz"]
[Black "Tamer Waguih, Farid"]
[Result "0-1"]
[WhiteTitle "IM"]
[BlackTitle "FM"]
[WhiteElo "2468"]
[BlackElo "2206"]
[WhiteFideId "13611216"]
[BlackFideId "10685723"]
[EventDate "2025.05.20"]

1. Na3 d5 2. Nf3 Nf6 3. c4 e6 4. g3 Be7 5. Bg2 O-O 6. O-O b6 7. b3 Bb7 8. Bb2 c5
9. cxd5 exd5 10. d4 Nc6 11. Qd2 Ne4 12. Qd1 Re8 13. dxc5 bxc5 14. Nb1 Bf6 15.
Qc1 d4 16. Na3 Nb4 17. Nc4 Rc8 18. Rd1 Qe7 19. e3 Nc3 20. Bxc3 dxc3 21. Ne1 Bxg2
22. Nxg2 c2 23. Rf1 Bxa1 24. Qxa1 Nd3 25. Qc3 c1=Q 26. Rxc1 Nxc1 27. Qxc1 Red8
28. Nf4 Qd7 29. Qc3 f6 30. h4 Qe7 31. Qc2 Rd7 32. h5 Rcd8 33. Qf5 Rd1+ 34. Kg2
Qd7 35. Qxc5 Qb7+ 36. f3 Qc8 37. Qe7 Qd7 38. Qe4 Re8 39. Qc2 Rxe3 40. h6 Ree1
41. hxg7 Rg1+ 42. Kh2 Rh1+ 43. Kg2 Rdg1+ 44. Kf2 Rh2+ 45. Kxg1 Rxc2 46. Nh5 Qd1# 0-1

[Event "Titled Tue 20th May Late"]
[Site "chess.com INT"]
[Date "2025.05.20"]
[Round "6"]
[White "Zou, Chen"]
[Black "Galchenko, Matvey"]
[Result "1-0"]
[WhiteTitle "IM"]
[BlackTitle "IM"]
[WhiteElo "2443"]
[BlackElo "2442"]
[WhiteFideId "8610959"]
[BlackFideId "24175480"]
[EventDate "2025.05.20"]

1. e4 e6 2. d4 d5 3. e5 c5 4. c3 Qb6 5. Nf3 Nc6 6. a3 Nh6 7. Bd3 cxd4 8. cxd4
Bd7 9. Bc2 Nf5 10. Bxf5 exf5 11. Nc3 Be6 12. O-O Be7 13. Ne2 h6 14. h4 O-O 15.
Rb1 Rac8 16. b4 a6 17. Be3 Na7 18. Qd2 Kh7 19. a4 Qc6 20. b5 axb5 21. axb5 Nxb5
22. Nf4 Na3 23. Rbc1 Nc4 24. Qe2 b5 25. Ng5+ hxg5 26. Qh5+ Kg8 27. hxg5 Qd7 28.
g3 Nxe3 29. fxe3 Rxc1 30. Rxc1 Rc8 31. Rf1 Rc2 32. g6 fxg6 33. Nxg6 Bb4 34. g4
Bd2 35. gxf5 Bxe3+ 36. Kh1 Bxf5 37. Rxf5 Rc1+ 38. Kh2 Rc2+ 39. Kg3 Bh6 40. Rf8+
Kh7 41. Rh8# 1-0

[Event "Titled Tue 20th May Late"]
[Site "chess.com INT"]
[Date "2025.05.20"]
[Round "6"]
[White "Antonio, Jorge Carlos"]
[Black "Munoz, Francisco Javier"]
[Result "0-1"]
[WhiteTitle "FM"]
[BlackTitle "FM"]
[WhiteElo "2277"]
[BlackElo "2389"]
[WhiteFideId "113190"]
[BlackFideId "128368"]
[EventDate "2025.05.20"]

1. d4 d5 2. Nf3 e6 3. Bf4 Nf6 4. e3 c5 5. Be2 Nc6 6. O-O Bd6 7. Bxd6 Qxd6 8.
dxc5 Qxc5 9. c4 O-O 10. cxd5 exd5 11. Nc3 Bg4 12. Qb3 Rfd8 13. Qxb7 Rab8 14. Qc7
Rdc8 15. Qg3 Rxb2 16. Na4 Qb4 17. Nxb2 Qxb2 18. Rfb1 Qxe2 19. Qf4 Bxf3 20. Qxf3
Qxf3 21. gxf3 Ne5 22. Kg2 h5 23. a4 a5 24. Rb5 Nc4 25. Kg3 g5 26. h4 g4 27. Kf4
Kg7 28. e4 gxf3 29. exd5 Re8 30. Rg1+ Kf8 31. Rg5 Re4+ 32. Kf5 Nd6+ 33. Kxf6
Nxb5 34. axb5 Rxh4 35. d6 Ke8 36. Rc5 Kd7 37. Ke5 f6+ 38. Kd5 Rb4 39. Rc7+ Kd8
40. Kc5 Rb1 41. Ra7 h4 42. b6 h3 43. Rh7 a4 44. Kc6 Rc1+ 45. Kb7 a3 46. Rxh3 a2
47. Rxf3 a1=Q 48. Rxf6 Qxf6 49. Ka8 Qxd6 50. b7 Qa6+ 51. Kb8 Rb1 52. f4 Qxb7# 0-1

[Event "Titled Tue 20th May Late"]
[Site "chess.com INT"]
[Date "2025.05.20"]
[Round "6"]
[White "Shevkunov, Vladyslav"]
[Black "Albertini, Luca"]
[Result "1-0"]
[WhiteElo "2073"]
[BlackElo "2139"]
[WhiteFideId "30953448"]
[BlackFideId "847038"]
[EventDate "2025.05.20"]

1. e4 e5 2. Nf3 Nc6 3. Bb5 a6 4. Ba4 Nf6 5. d3 b5 6. Bb3 Be7 7. a4 b4 8. a5 O-O
9. Nbd2 d6 10. O-O Be6 11. Re1 Rb8 12. Bc4 Qc8 13. Ng5 Bxc4 14. Nxc4 b3 15. c3
h6 16. Nf3 Qe6 17. Nfd2 Nd7 18. Nxb3 f5 19. Nbd2 Qg6 20. Ne3 f4 21. Nf5 Bf6 22.
b4 Kh7 23. Qa4 Qf7 24. Qxc6 g6 25. Nxd6 cxd6 26. Qxd6 Rfd8 27. Nc4 Nf8 28. Qxa6
Rxd3 29. Nxe5 Bxe5 30. Qxd3 Rc8 31. Bb2 Rc4 32. Qd5 Qc7 33. a6 Nd7 34. a7 Nb6
35. a8=Q Nxa8 36. Rxa8 h5 37. Qg8+ Kh6 38. Qd8 Qc6 39. Qe8 Qc7 40. b5 Bxc3 41.
Bxc3 Rxc3 42. Qh8+ Kg5 43. Ra6 Rc1 44. Qf6+ Kg4 45. Qxg6+ Kh4 46. g3+ Kh3 47.
Qxh5# 1-0

[Event "Titled Tue 20th May Late"]
[Site "chess.com INT"]
[Date "2025.05.20"]
[Round "6"]
[White "Martinez Ramirez, Lennis"]
[Black "Ozates, Tuna"]
[Result "1-0"]
[WhiteTitle "IM"]
[BlackTitle "FM"]
[WhiteElo "2438"]
[BlackElo "2217"]
[WhiteFideId "3509079"]
[BlackFideId "6354521"]
[EventDate "2025.05.20"]

1. Nf3 d5 2. d4 Nf6 3. c4 e6 4. e3 Be7 5. Nc3 O-O 6. Bd3 dxc4 7. Bxc4 a6 8. a4
c5 9. O-O Nc6 10. Qe2 cxd4 11. Nxd4 Nxd4 12. exd4 Bd7 13. d5 exd5 14. Nxd5 Nxd5
15. Bxd5 Bd6 16. Rd1 Qc7 17. Qh5 Bc6 18. Be3 Rad8 19. Bxc6 Qxc6 20. Qg4 Be5 21.
Rxd8 Rxd8 22. Rc1 Qd6 23. g3 Bxb2 24. Rb1 Bf6 25. Rxb7 g6 26. Rb6 Qe5 27. Rxa6
Qa1+ 28. Kg2 Rd1 29. Qc4 Rg1+ 30. Kf3 Qd1+ 31. Kf4 g5+ 32. Ke4 Qg4+ 33. f4 gxf4
34. Rxf6 fxe3+ 35. Rf4 Qg6+ 36. Kxe3 h5 37. Kf2 Rb1 38. Qe4 Rb2+ 39. Kf3 Qd6 40.
Qe8+ Kg7 41. Qxf7+ Kh8 42. Qe8+ Kh7 43. Qxh5+ Kg7 44. Rg4+ Kf8 45. Qh8+ Ke7 46.
Qxb2 1-0

[Event "Titled Tue 20th May Late"]
[Site "chess.com INT"]
[Date "2025.05.20"]
[Round "6"]
[White "Nita, Lucian"]
[Black "Mazzilli, Piero"]
[Result "1/2-1/2"]
[BlackTitle "FM"]
[WhiteElo "2143"]
[BlackElo "2274"]
[WhiteFideId "1206923"]
[BlackFideId "807087"]
[EventDate "2025.05.20"]

1. e4 g6 2. Nf3 Bg7 3. Bc4 c6 4. O-O d5 5. exd5 cxd5 6. Bb3 e5 7. Re1 Nc6 8. Nc3
Nge7 9. d4 e4 10. Ne5 Be6 11. Nxc6 Nxc6 12. Ne2 O-O 13. c3 f5 14. f4 exf3 15.
gxf3 Bf7 16. Qd2 Re8 17. Ng3 Rxe1+ 18. Qxe1 Qh4 19. Bd2 Re8 20. Qf2 Nxd4 21. Ba4
b5 22. Bd1 f4 23. Nf1 Qg5+ 24. Kh1 Nf5 25. Be2 a6 26. Bd3 Ne3 27. Re1 d4 28. Be4
Bxa2 29. cxd4 Bxd4 30. Bc3 Bxc3 31. bxc3 Bd5 32. Nxe3 fxe3 33. Qxe3 Qxe3 34.
Rxe3 Bxe4 35. fxe4 a5 36. Kg2 a4 37. Kf3 Rc8 38. Ke2 a3 39. Kd3 a2 40. Re1 Ra8
41. Ra1 Kf7 42. Kc2 Ke6 43. Kb2 g5 44. Rxa2 Rxa2+ 45. Kxa2 Ke5 46. Kb3 Kxe4 47.
Kb4 g4 48. Kxb5 h5 49. c4 h4 50. c5 g3 51. hxg3 hxg3 52. c6 g2 53. c7 g1=Q 54.
c8=Q Qb1+ 55. Ka6 Qa2+ 56. Kb7 Qb3+ 57. Ka8 Qa4+ 58. Kb8 Qb5+ 59. Qb7+ Qxb7+ 60.
Kxb7 1/2-1/2

[Event "Titled Tue 20th May Late"]
[Site "chess.com INT"]
[Date "2025.05.20"]
[Round "6"]
[White "Ribeiro, Matheus Mendes Domingues"]
[Black "Yanev, Tihomir"]
[Result "1-0"]
[WhiteTitle "FM"]
[BlackTitle "IM"]
[WhiteElo "2294"]
[BlackElo "2354"]
[WhiteFideId "324226923"]
[BlackFideId "2910110"]
[EventDate "2025.05.20"]

1. c4 c5 2. Nf3 Nc6 3. Nc3 g6 4. e3 Bg7 5. d4 cxd4 6. exd4 d6 7. d5 Ne5 8. Nxe5
Bxe5 9. Bd3 Bg7 10. O-O Nf6 11. Re1 O-O 12. Qe2 Re8 13. Be3 Ng4 14. Bf4 Ne5 15.
Rac1 Nxd3 16. Qxd3 Bf5 17. Qd2 Rc8 18. b3 a6 19. Be3 b5 20. cxb5 Qa5 21. Bd4
Bxd4 22. Qxd4 axb5 23. h3 Bd7 24. a4 bxa4 25. Nxa4 Rb8 26. Re3 Bxa4 27. bxa4 Rb4
28. Rc4 Rxc4 29. Qxc4 Qc5 30. Qxc5 dxc5 31. a5 Ra8 32. Ra3 Ra6 33. Kf1 Kf8 34.
Ke2 Ke8 35. Kd3 Kd7 36. Kc4 Kd6 37. f4 f5 38. g3 h6 39. Ra1 g5 40. fxg5 hxg5 41.
h4 gxh4 42. gxh4 f4 43. h5 f3 44. h6 f2 45. h7 Rxa5 46. h8=Q Rxa1 47. Qxa1 1-0

[Event "Titled Tue 20th May Late"]
[Site "chess.com INT"]
[Date "2025.05.20"]
[Round "6"]
[White "Aliyev, Elnur"]
[Black "Asish Panda"]
[Result "1-0"]
[WhiteTitle "CM"]
[WhiteElo "2155"]
[BlackElo "1911"]
[WhiteFideId "13402617"]
[BlackFideId "45012458"]
[EventDate "2025.05.20"]

1. e4 e6 2. d4 d5 3. e5 c5 4. c3 Nc6 5. Nf3 Qb6 6. Bd3 cxd4 7. cxd4 Bd7 8. O-O
Nxd4 9. Nbd2 a6 10. Nxd4 Qxd4 11. Nf3 Qb6 12. Be3 Bc5 13. Bxc5 Qxc5 14. b4 Qb6
15. a4 Ne7 16. a5 Qd8 17. Ng5 h6 18. Qh5 g6 19. Qh3 Nf5 20. Nf3 Qe7 21. Rab1 h5
22. Rfc1 Bc6 23. Bxf5 gxf5 24. Nd4 Kd7 25. Rc5 Rac8 26. Rbc1 Ba4 27. Qa3 Bc6 28.
b5 axb5 29. Nxb5 Rhg8 30. Nd6 Qg5 31. g3 f4 32. Nxc8 Rxc8 33. a6 bxa6 34. Qxa6
fxg3 35. hxg3 d4 36. Rxc6 Qxc1+ 37. Rxc1 Rxc1+ 38. Kg2 Rc6 39. Qa7+ Ke8 40. Qxd4
Rc7 41. Qf4 Rd7 42. Qh6 Rd5 43. Qxh5 Ke7 44. Qg5+ Ke8 45. Qe3 Ke7 46. g4 Kf8 47.
Qg5 Rd7 48. Qf6 Kg8 49. g5 Rd5 50. g6 Rd7 51. g7 1-0

[Event "Titled Tue 20th May Late"]
[Site "chess.com INT"]
[Date "2025.05.20"]
[Round "6"]
[White "Bernadskiy, Vitaliy"]
[Black "Boyer, Mahel"]
[Result "1-0"]
[WhiteTitle "GM"]
[BlackTitle "GM"]
[WhiteElo "2523"]
[BlackElo "2521"]
[WhiteFideId "14100371"]
[BlackFideId "45102422"]
[EventDate "2025.05.20"]

1. Nc3 d5 2. e4 dxe4 3. Nxe4 Nf6 4. Nxf6+ exf6 5. d4 Bd6 6. Bd3 O-O 7. Be3 Re8
8. Ne2 Nd7 9. Ng3 Nb6 10. c4 f5 11. c5 f4 12. cxd6 fxe3 13. O-O exf2+ 14. Rxf2
Qxd6 15. Ne4 Qh6 16. Qf3 Be6 17. Qg3 Kh8 18. Ng5 f6 19. Nxe6 Rxe6 20. Qxc7 Rae8
21. Raf1 Qe3 22. Bb5 R6e7 23. Qd6 Rc8 24. a4 h6 25. a5 Nc4 26. Qb4 Rec7 27. b3
Nb2 28. Qd2 Qxb3 29. Qxb2 Qd5 30. Re2 a6 31. Bd3 Rc3 32. Qxc3 Rxc3 33. Re8+ Qg8
34. Rxg8+ Kxg8 35. Be4 Ra3 36. Bxb7 Rxa5 37. d5 Kf7 38. Re1 Ra2 39. Bc6 Rd2 40.
Ra1 f5 41. Rxa6 Kf6 42. Ra1 g5 43. Re1 g4 44. g3 h5 45. Rf1 Ke5 46. Bd7 Kxd5 47.
Bxf5 1-0